000 03238cam a2200313 a 4500
003 EG-GiCUC
005 20250223032759.0
008 210808s2021 ua f m 000 0 ara d
040 _aEG-GiCUC
_bara
_cEG-GiCUC
041 0 _aara
049 _aايداع
097 _aماجستير
099 _aCai01.02.10.M.A.2021.هد.ت
100 0 _aهدى عبدالله على خليفة
245 1 0 _aتقنيات السرد فى المجموعة القصصية الفارسية "أنا الراوى العليم" لمصطفى مستور :
_bدراسة نقدية مع الترجمة = Narrative techniques in the persian collection of short stories "I am the omniscient narrator2 by Mostafa Mastour , A critical study and a translation /
_cهدى عبدالله على خليفة ؛ إشراف إيمان محمد إبراهيم عرفة
260 _aالقاهرة :
_bهدى عبدالله على خليفة :
_c2021
300 _a353ص ؛
_c25سم
502 _aاطروحة (ماجستير) - جامعة القاهرة - كلية الآداب - قسم اللغات الشرقية و آدابها
520 _aموضوع البحث هو دراسة تقنيات السرد الحديثة فى مجموعة "أنا الراوى العليم" القصصية للكاتب الإيرانى المعاصر "مصطفى مستور" الذى يعد من أبرز أعلام الأدب فى إيران: و واحدا من أهم عشرة روائيين و أكثرهم شعبية خلال مئة عام من عمر الأدب القصصى الإيرانى الحديث و المعاصر: و هذه المجموعة من أهم المجموعات القصصية الإيرانية المعاصرة التى حصدت قدرا من الجوائز الأدبية و لقيت قبولا و اهتماما فى المجتمع الإيرانى. ويقع البحث فى تمهيد يضم حياة الكاتب و أعماله و آراء بعض النقاد عنه و تعريف بالمجموعة القصصية. و الفصل الأول يتناول الراوى و المنظور السردى فى المجموعة فى مبحثين. و الفصل الثانى يتناول فى ثلاثة مباحث الزمان و المكان فى المجموعة القصصية. و الفصل الثالث يشتمل على ثلاثة مباحث لعرض الشخصية فى المجموعة و أبعادها و علاقتها بالحدث و الرؤية. أما الفصل الرابع يشتمل أيضًا على ثلاثة مباحث لدراسة ظواهر اللغة السردية و مستويات لغة القصة القصيرة من حيث السرد و الحوار فى المجموعة القصصية. ثم الخاتمة و قائمة بالمصادر و المراجع و أخيرا ملحق الترجمة العربية الكاملة للمجموعة
530 _aصدر ايضا كقرص مدمج
653 4 _aالراوى العليم
653 4 _aتقن{u٠٦أأ}ات السرد
653 4 _aمصطفى مستور
700 0 _aإيمان محمد إبراهيم عرفة :
_eمشرف
856 _uhttp://172.23.153.220/th.pdf
905 _aNazla
_eRevisor
905 _aSamia
_eCataloger
942 _2ddc
_cTH
999 _c81618
_d81618